Представление документа в формате RUSMARC

ПолеНазваниеЗначение
  Тип записи a
  Библиографический уровень c
001 Контрольный номер 7cacebb870c14f328c3cf8ff84e0ba47
005 Дата корректировки 20211123104842.8
010 Индекс ISBN __
a ISBN 978-5-08-005966-7 (в пер.)
d Цена 230-00, 4000 экз.
100 Данные общей обработки __
a Данные общей обработки 19201201d2018||||||| 0rusy0189 ca
101 Язык документа 1_
a Язык текста rus
c Язык оригинала fre
102 Страна публикации __
a Страна публикации ru
102 Страна публикации __
a Страна публикации RU
105 Кодированные данные (монография) __
a Кодированные данные (монография) a|||||||000zy
200 Заглавие и сведения об ответственности 1_
a Заглавие Комедии
e Сведения, относящиеся к заглавию для старшего школьного возраста
f Первые сведения об ответственности Мольер ; вступительная статья и комментарии В. А. Лукова ; художник А. Архипова ; перевод с английского [М. А. Донского и др.]
203 Вид содержания и тип средства __
a Вид содержания Текст
c Тип средства непосредственный
210 Выходные данные __
a Место издания Москва
c Издательство Художественная литература
d Дата издания 2018
215 Физическое описание __
a Объем 296, [2] с.
c Иллюстрации/тип воспроизводства ил.
d Формат 21 см
225 Серия __
a Серия Школьная библиотека
327 Примечание о содержании __
a Примечание о содержании Тартюф, или Обманщик
327 Примечание о содержании __
a Примечание о содержании Скупой
327 Примечание о содержании __
a Примечание о содержании Мещанин во дворянстве
330 Аннотация __
a Аннотация Эту книгу составляют самые известные произведения классика французской литературы Мольера: "Тартюф, или Обманщик", "Скупой" и "Мещанин во дворянстве". Для старшего школьного возраста.
333 Примечание о целевом назначении __
a Примечание о целевом назначении 12+. Для детей старше 12 лет
606 Тематические рубрики __
a Основная рубрика Художественная литература
606 Тематические рубрики __
a Основная рубрика Литература Европы (произведения)
z Хронологическая подрубрика 17 в.
y Географическая подрубрика Франция
610 Ключевые слова __
a Ключевые слова драматические произведения
610 Ключевые слова __
a Ключевые слова детская литература
610 Ключевые слова __
a Ключевые слова классическая литература
610 Ключевые слова __
a Ключевые слова французская литература
610 Ключевые слова __
a Ключевые слова французская классика
610 Ключевые слова __
a Ключевые слова комедии
610 Ключевые слова __
a Ключевые слова пьесы
610 Ключевые слова __
a Ключевые слова тема дворянства
610 Ключевые слова __
a Ключевые слова тема нравов
610 Ключевые слова __
a Ключевые слова тема обмана
610 Ключевые слова __
a Ключевые слова тема общества
686 Индексы других классификаций __
2 Код системы rubbks
a Классификационный индекс 84(4Фра)511.2-6; ст84(4Фра)-6
700 Автор _0
a Фамилия Мольер
c Титул (звания) Поклен, Ж.-Б.
f Даты 1622-1673
4 Код отношения 070
702 Вторичная интеллектуальная ответственность _1
a Фамилия Луков
b Имя В. А.
4 Код отношения Автор предисловия и т.д.
f Даты 1948-2014
g Полное личное имя Владимир Андреевич
4 Код отношения 080
4 Код отношения 212
702 Вторичная интеллектуальная ответственность _1
a Фамилия Архипова
b Имя А. И.
4 Код отношения Художник
f Даты 1955-
g Полное личное имя Анастасия Ивановна
4 Код отношения 040
702 Вторичная интеллектуальная ответственность _1
a Фамилия Донской
b Имя М. А.
4 Код отношения Переводчик
f Даты 1913-1996
g Полное личное имя Михаил Александрович
4 Код отношения 730
702 Вторичная интеллектуальная ответственность _1
a Фамилия Лихачев
b Имя В. С.
4 Код отношения Переводчик
f Даты 1849-1910
g Полное личное имя Владимир Сергеевич
4 Код отношения 730
702 Вторичная интеллектуальная ответственность _1
a Фамилия Любимов
b Имя Н. М.
4 Код отношения Переводчик
f Даты 1912-1992
g Полное личное имя Николай Михайлович
4 Код отношения 730
801 Источник записи _0
a Страна ru
b Организация Муниципальное бюджетное учреждение культуры "Централизованная библиотечная система" г. Сургут (Центральная городская библиотека им. А. С. Пушкина)
c Дата составления 20201201
g Правила каталогизации PSBO
801 Источник записи _1
a Страна ru
b Организация Муниципальное бюджетное учреждение культуры "Централизованная библиотечная система" г. Сургут (Центральная городская библиотека им. А. С. Пушкина)
c Дата составления 20201201
g Правила каталогизации PSBO
852 Данные о местонахождении __
j Шифр хранения 84(4Фра)511.2-6
i Авторский знак М 76
900 Макрообъекты __
a Макрообъекты Мольер. Комедии
901 Тип документа __
a Ответственный КиК/Мамарузиева
t Тип документа x
903 Характеристики (МАРС) __
a Дата передачи 20201201
911 __
u 336a=Текст
911 __
u 337a=непосредственный
969 Тип издания __
a Тип издания издание для детей
990 Данные о заказе (DOS) __
j Количество экземпляров (DOS) 3
t N записи в КСУ для И/У (DOS) 202101